书目信息 |
| 题名: |
全国一级建造师考试教材精编
|
|
| 作者: | 《全国一级建造师考试教材精编》编委会编 | |
| 分册: | 建设工程法规及相关知识/建设工程项目管理/建设工程经济 | |
| 出版信息: | 天津 天津科学技术出版社 2019 |
|
| 页数: | 366页 | |
| 开本: | 26cm | |
| 丛书名: | ||
| 单 册: | ||
| 中图分类: | TU-42 | |
| 科图分类: | ||
| 主题词: | 建筑师--资格考试--自学参考资料 , 建筑法--中国--资格考试--自学参考资料 , 基本建设项目--项目管理--资格考试--自学参考资料 , 建筑经济学--资格考试--自学参考资料 | |
| 电子资源: | ||
| ISBN: | 978-7-5576-3361-5 | |
| 000 | 01050nam0 2200253 45 | |
| 001 | 012001003183 | |
| 005 | 20191204103320.23 | |
| 010 | @a978-7-5576-3361-5@dCNY159.00 | |
| 100 | @a20171222d2017 em y0chiy50 ea | |
| 101 | 0 | @achi |
| 102 | @aCN@b120000 | |
| 105 | @ak z 000yy | |
| 106 | @ar | |
| 200 | 1 | @a全国一级建造师考试教材精编@9quan guo yi ji jian zao shi kao shi jiao cai jing bian@i建设工程法规及相关知识/建设工程项目管理/建设工程经济@f《全国一级建造师考试教材精编》编委会编 |
| 210 | @a天津@c天津科学技术出版社@d2019 | |
| 215 | @a366页@d26cm | |
| 330 | @a本书分为建设工程法规及相关知识、建设工程项目管理、建设工程经济三部分,包括建设工程基本法律知识、施工许可法律制度、建设工程发承包法律制度、建设工程合同和劳动合同法律制度等。 | |
| 606 | 0 | @a建筑师@x资格考试@j自学参考资料 |
| 606 | 0 | @a建筑法@y中国@x资格考试@j自学参考资料 |
| 606 | 0 | @a基本建设项目@x项目管理@x资格考试@j自学参考资料 |
| 606 | 0 | @a建筑经济学@x资格考试@j自学参考资料 |
| 690 | @aTU-42@v5 | |
| 801 | 0 | @aCN@b北京卓展@c20191020 |
| 905 | @b1210680-2@dTU-42@e214@f3 | |
| 全国一级建造师考试教材精编.建设工程法规及相关知识/建设工程项目管理/建设工程经济/《全国一级建造师考试教材精编》编委会编.-天津:天津科学技术出版社,2019 |
| 366页;26cm |
| ISBN 978-7-5576-3361-5:CNY159.00 |
| 本书分为建设工程法规及相关知识、建设工程项目管理、建设工程经济三部分,包括建设工程基本法律知识、施工许可法律制度、建设工程发承包法律制度、建设工程合同和劳动合同法律制度等。 |
| ● |
| 相关链接 |
|
|
|
|
正题名:全国一级建造师考试教材精编
索取号:TU-42/214
 
预约/预借
| 序号 | 登录号 | 条形码 | 馆藏地/架位号 | 状态 | 备注 |
| 1 | 1210680 | 212106807 | 第二样本阅览室/ [索取号:TU-42/214] | 在馆 | |
| 2 | 1210681 | 212106816 | 第三借阅区/ [索取号:TU-42/214] | 在馆 | |
| 3 | 1210682 | 212106825 | 第三借阅区/ [索取号:TU-42/214] | 在馆 |